[Event "FIN-ch Seniors 65"]
[Site "Helsinki"]
[Date "2024.04.04"]
[Round "7"]
[White "Patola, Eero"]
[Black "Koskinen, Veikko"]
[Result "1/2-1/2"]
[WhiteElo "1858"]
[BlackElo "1929"]
[PlyCount "53"]
[EventDate "2024.03.29"]
[EventType "swiss"]
[EventRounds "9"]
[EventCountry "FIN"]
[SourceTitle "CB15_2024"]
[SourceDate "2024.04.10"]
[SourceVersion "1"]
[SourceVersionDate "2024.04.10"]
[SourceQuality "1"]

1. e4 c6 2. d4 d5 3. Nc3 dxe4 4. Nxe4 Nf6 5. Nxf6+ exf6 6. Nf3 Bd6 7. Bc4 0-0 8. 0-0 Bg4 9. h3 Bh5 10. c3 Nd7 11. a4 a5 12. Be2 Re8 13. Be3 Qc7 14. d5 c5 15. Re1 Re7 16. g4 Bg6 17. Bd3 Rae8 18. Bxg6 hxg6 19. Qd2 f5 20. gxf5 gxf5 21. Qc2 f4 22. Bd2 c4 23. Qf5 Nf6 24. Rxe7 Rxe7 25. Re1 Rxe1+ 26. Nxe1 Qc5 27. Bxf4 1/2-1/2

[Event "Helsinki HSL Easter op"]
[Site "Helsinki"]
[Date "2019.04.21"]
[Round "5"]
[White "Koskinen, Veikko"]
[Black "Komulainen, Lauri"]
[Result "0-1"]
[WhiteElo "1881"]
[BlackElo "1963"]
[PlyCount "30"]
[EventDate "2019.04.19"]
[EventType "swiss"]
[EventRounds "6"]
[EventCountry "FIN"]
[SourceTitle "CBM 195 Extra"]
[Source "ChessBase"]
[SourceDate "2020.05.31"]
[SourceVersion "1"]
[SourceVersionDate "2020.05.31"]
[SourceQuality "1"]

1. e4 c6 2. d4 d5 3. f3 dxe4 4. fxe4 e5 5. Nf3 Bg4 6. Bc4 Nd7 7. 0-0 Ngf6 8. c3 Bd6 9. Qb3 0-0 10. Bg5 Qc7 11. Bxf6 Nxf6 12. dxe5 Bxe5 13. Nxe5 Qxe5 14. Nd2 b5 15. Bd3 Qd6 0-1

[Event "FIN-chT2 Gp2 1819"]
[Site "Finland"]
[Date "2019.01.12"]
[Round "6.2"]
[White "Pasanen, Tuomo Tapio"]
[Black "Koskinen, Veikko"]
[Result "1-0"]
[WhiteElo "2048"]
[BlackElo "1984"]
[PlyCount "77"]
[EventDate "2018.09.15"]
[EventType "team-tourn"]
[EventRounds "6"]
[EventCountry "FIN"]
[SourceTitle "EXT 2020"]
[Source "ChessBase"]
[SourceDate "2019.10.17"]
[SourceVersion "1"]
[SourceVersionDate "2019.10.17"]
[SourceQuality "1"]
[WhiteTeam "Helsinki HSK"]
[BlackTeam "Helsinki KS 58 II"]
[WhiteTeamCountry "FIN"]
[BlackTeamCountry "FIN"]

1. d4 f5 2. Nc3 d5 3. g3 Nf6 4. Bg5 e6 5. Bg2 Be7 6. Nh3 0-0 7. 0-0 c5 8. e3 Nc6 9. Ne2 Qb6 10. b3 h6 11. Bxf6 Bxf6 12. dxc5 Qxc5 13. Rc1 Rd8 14. Nef4 d4 15. e4 fxe4 16. Bxe4 Ne7 17. Nh5 Nd5 18. c4 dxc3 19. Nxf6+ gxf6 20. Qg4+ Kf8 21. Qg6 Qe7 22. Qxh6+ Qg7 23. Qh4 Bd7 24. Bxd5 exd5 25. Rxc3 Bc6 26. Rf3 Rd6 27. Rf4 Ke7 28. Re1+ Re6 29. Rxe6+ Kxe6 30. Rg4 Qh8 31. Nf4+ Kf5 32. Nh5 Ke5 33. Rg6 Rf8 34. Qf4+ Ke6 35. Ng7+ Kd7 36. Qf5+ Ke7 37. Qe6+ Kd8 38. Qd6+ Kc8 39. Nf5 1-0

[Event "FIN-chT2 Gp2 1819"]
[Site "Finland"]
[Date "2019.01.12"]
[Round "5.3"]
[White "Pukkinen, Seppo"]
[Black "Koskinen, Veikko"]
[Result "1/2-1/2"]
[WhiteElo "1943"]
[BlackElo "1984"]
[PlyCount "40"]
[EventDate "2018.09.15"]
[EventType "team-tourn"]
[EventRounds "6"]
[EventCountry "FIN"]
[SourceTitle "EXT 2020"]
[Source "ChessBase"]
[SourceDate "2019.10.17"]
[SourceVersion "1"]
[SourceVersionDate "2019.10.17"]
[SourceQuality "1"]
[WhiteTeam "Hyvinkaa SK"]
[BlackTeam "Helsinki KS 58 II"]
[WhiteTeamCountry "FIN"]
[BlackTeamCountry "FIN"]

1. e4 c6 2. d4 d5 3. Nd2 dxe4 4. Nxe4 Nd7 5. Nf3 Ngf6 6. Nxf6+ Nxf6 7. Bc4 e6 8. c3 Be7 9. 0-0 0-0 10. Bb3 c5 11. Qe2 Qc7 12. Bg5 b6 13. dxc5 Qxc5 14. Bc2 Bb7 15. Bxf6 Bxf6 16. Be4 Bxe4 17. Qxe4 Rfd8 18. Rfd1 g6 19. Qe2 Qc7 20. h3 h5 1/2-1/2

[Event "Bled Planinc Memorial 1st"]
[Site "Bled"]
[Date "2018.11.24"]
[Round "8"]
[White "Haessel, Dale R"]
[Black "Koskinen, Veikko"]
[Result "1-0"]
[WhiteElo "2155"]
[BlackElo "1978"]
[PlyCount "51"]
[EventDate "2018.11.24"]
[EventType "swiss (blitz)"]
[EventRounds "9"]
[EventCountry "SLO"]
[SourceTitle "CBM 187 Extra"]
[Source "ChessBase"]
[SourceDate "2018.11.04"]
[SourceVersion "1"]
[SourceVersionDate "2018.11.04"]
[SourceQuality "1"]

1. d4 f5 2. g3 Nf6 3. Bg2 g6 4. Nf3 Bg7 5. c4 0-0 6. Nc3 d6 7. 0-0 Nc6 8. d5 Ne5 9. Nxe5 dxe5 10. Qb3 Kh8 11. Rd1 Qd6 12. Bd2 a6 13. Rac1 Nh5 14. e3 f4 15. Ne4 Qb6 16. Qxb6 cxb6 17. Bb4 Re8 18. d6 exd6 19. Nxd6 Be6 20. Nxe8 Rxe8 21. Bxb7 a5 22. Bd6 fxe3 23. fxe3 Bg4 24. Rd2 Bh6 25. Re1 Ng7 26. Bc6 1-0

[Event "Wch Seniors 65 28th"]
[Site "Bled"]
[Date "2018.11.20"]
[Round "3"]
[White "Dalling, Peter"]
[Black "Koskinen, Veikko"]
[Result "1-0"]
[WhiteElo "1811"]
[BlackElo "1978"]
[PlyCount "35"]
[EventDate "2018.11.18"]
[EventType "swiss"]
[EventRounds "11"]
[EventCountry "SLO"]
[SourceTitle "CBM 187 Extra"]
[Source "ChessBase"]
[SourceDate "2018.11.04"]
[SourceVersion "1"]
[SourceVersionDate "2018.11.04"]
[SourceQuality "1"]

1. e4 c6 2. d4 d5 3. e5 Bf5 4. Bd3 Bxd3 5. Qxd3 e6 6. Ne2 Qb6 7. 0-0 c5 8. c3 Nc6 9. Nd2 Rc8 10. a3 cxd4 11. cxd4 Nge7 12. b4 Nf5 13. Nf3 Be7 14. Bb2 0-0 15. Nf4 a6 16. Nxd5 exd5 17. Qxf5 Nd8 18. Qxc8 1-0

[Event "Wch Seniors 65 28th"]
[Site "Bled"]
[Date "2018.11.18"]
[Round "1"]
[White "Karasev, Vladimir I"]
[Black "Koskinen, Veikko"]
[Result "1-0"]
[WhiteElo "2314"]
[BlackElo "1978"]
[PlyCount "93"]
[EventDate "2018.11.18"]
[EventType "swiss"]
[EventRounds "11"]
[EventCountry "SLO"]
[SourceTitle "CBM 187 Extra"]
[Source "ChessBase"]
[SourceDate "2018.11.04"]
[SourceVersion "1"]
[SourceVersionDate "2018.11.04"]
[SourceQuality "1"]

1. Nf3 f5 2. e4 fxe4 3. Ng5 Nf6 4. d3 e3 5. Bxe3 e5 6. Ne4 d5 7. Nxf6+ Qxf6 8. Nc3 c6 9. d4 Bd6 10. Ne2 0-0 11. Qd2 a5 12. c3 Na6 13. a3 Nc7 14. dxe5 Bxe5 15. Nd4 Bf4 16. Bxf4 Qxf4 17. Qxf4 Rxf4 18. Bd3 Ne6 19. g3 Rf8 20. Nxe6 Bxe6 21. f4 Rae8 22. 0-0 g6 23. Rfe1 Bd7 24. Kf2 Rf7 25. Rxe8+ Bxe8 26. Re1 Kf8 27. h4 Re7 28. Rxe7 Kxe7 29. h5 Kf6 30. hxg6 hxg6 31. Ke3 c5 32. Bf1 Bc6 33. Bh3 Be8 34. Bg2 Bc6 35. Kd3 a4 36. Kd2 b5 37. Bh3 Be8 38. Bc8 Bc6 39. Ke3 Ke7 40. g4 Kf6 41. g5+ Kf7 42. f5 gxf5 43. Bxf5 Ke7 44. Kf4 Be8 45. Ke5 Bf7 46. g6 Bg8 47. Bd3 1-0

[Event "FIN-chT2 Gp2 1819"]
[Site "Finland"]
[Date "2018.09.16"]
[Round "2.3"]
[White "Koskinen, Veikko"]
[Black "Vainikka, Toni"]
[Result "1/2-1/2"]
[WhiteElo "1984"]
[BlackElo "1649"]
[PlyCount "49"]
[EventDate "2018.09.15"]
[EventType "team-tourn"]
[EventRounds "6"]
[EventCountry "FIN"]
[SourceTitle "EXT 2020"]
[Source "ChessBase"]
[SourceDate "2019.10.17"]
[SourceVersion "1"]
[SourceVersionDate "2019.10.17"]
[SourceQuality "1"]
[WhiteTeam "Helsinki KS 58 II"]
[BlackTeam "Hameenlinna II"]
[WhiteTeamCountry "FIN"]
[BlackTeamCountry "FIN"]

1. e4 e5 2. Nf3 Nc6 3. Bb5 a6 4. Bxc6 dxc6 5. 0-0 Bd6 6. d4 Bg4 7. c3 Bxf3 8. Qxf3 Qf6 9. Nd2 Ne7 10. Qxf6 gxf6 11. Nf3 c5 12. dxe5 fxe5 13. Bg5 Rg8 14. Bf6 Nc6 15. Rad1 Rg6 16. Bh4 f6 17. Bg3 Rg4 18. Rfe1 Kf7 19. Nh4 Ne7 20. Re2 Rag8 21. f3 R4g7 22. Be1 Ke6 23. g3 b5 24. Bf2 Rb8 25. Red2 1/2-1/2

[Event "EU-chT Seniors 65"]
[Site "Walbrzych"]
[Date "2018.04.22"]
[Round "9.1"]
[White "Koskinen, Veikko"]
[Black "Westerinen, Heikki MJ"]
[Result "0-1"]
[WhiteElo "2012"]
[BlackElo "2308"]
[PlyCount "140"]
[EventDate "2018.04.14"]
[EventType "team-swiss"]
[EventRounds "9"]
[EventCountry "POL"]
[SourceTitle "CBM 184 Extra"]
[Source "ChessBase"]
[SourceDate "2018.06.28"]
[SourceVersion "1"]
[SourceVersionDate "2018.06.28"]
[SourceQuality "1"]
[WhiteTeam "Finland 65 II"]
[BlackTeam "Finland 65"]
[WhiteTeamCountry "FIN"]
[BlackTeamCountry "FIN"]

1. Nf3 Nf6 2. g3 g6 3. Bg2 Bg7 4. 0-0 0-0 5. d3 d5 6. Nbd2 Nc6 7. e4 e5 8. exd5 Nxd5 9. Nc4 Re8 10. Re1 h6 11. a4 a5 12. Bd2 b6 13. Ne3 Nxe3 14. Bxe3 Bb7 15. Qc1 Kh7 16. Nd2 Qd7 17. Nc4 Rad8 18. Bd2 Bc8 19. Bc3 Nd4 20. Bxd4 Qxd4 21. Qe3 Ba6 22. Qxd4 Rxd4 23. Ne3 Red8 24. b3 f5 25. Rad1 h5 26. Bf3 e4 27. dxe4 Bb7 28. Be2 Bxe4 29. Rxd4 Rxd4 30. Rd1 Rxd1+ 31. Bxd1 Bd4 32. Nc4 g5 33. Kf1 g4 34. Nd2 Bb7 35. Be2 Kg6 36. Bd3 Kf6 37. Ke2 Kg5 38. c4 Kf6 39. Bc2 Ke5 40. Bb1 Bc3 41. Bd3 Bb4 42. Ke3 Bc8 43. f4+ Ke6 44. Ke2 Bb7 45. Bc2 Bc5 46. Kf1 Be3 47. Nb1 h4 48. Nc3 c6 49. Bd3 Bc8 50. Nd1 Bc1 51. Nf2 h3 52. Bc2 Kd6 53. Nd3 Be3 54. Bd1 Bd4 55. Bc2 Ke6 56. Bd1 Bb7 57. Bc2 Ba6 58. Bd1 b5 59. cxb5 cxb5 60. axb5 Bxb5 61. Be2 Bc6 62. Ne1 Bd5 63. Bd1 Be4 64. Be2 Kd6 65. Bd1 Kc5 66. Nc2 Bd3+ 67. Ke1 Bg1 68. Na3 Kb4 69. Nc4 Bxc4 70. bxc4 a4 0-1

[Event "EU-chT Seniors 65"]
[Site "Walbrzych"]
[Date "2018.04.21"]
[Round "8.1"]
[White "Buchal, Stephan"]
[Black "Koskinen, Veikko"]
[Result "1-0"]
[WhiteElo "2310"]
[BlackElo "2012"]
[PlyCount "71"]
[EventDate "2018.04.14"]
[EventType "team-swiss"]
[EventRounds "9"]
[EventCountry "POL"]
[SourceTitle "CBM 184 Extra"]
[Source "ChessBase"]
[SourceDate "2018.06.28"]
[SourceVersion "1"]
[SourceVersionDate "2018.06.28"]
[SourceQuality "1"]
[WhiteTeam "Germany 65"]
[BlackTeam "Finland 65 II"]
[WhiteTeamCountry "GER"]
[BlackTeamCountry "FIN"]

1. c4 f5 2. g3 Nf6 3. Bg2 g6 4. Nc3 Bg7 5. d3 0-0 6. e4 fxe4 7. dxe4 d6 8. Nge2 c5 9. e5 dxe5 10. Qxd8 Rxd8 11. Be3 Na6 12. 0-0 Rb8 13. Rad1 Rxd1 14. Rxd1 Be6 15. b3 b6 16. Nb5 Kf7 17. Nxa7 Ke8 18. Nc6 Rc8 19. Nxe5 Nb8 20. h3 Nfd7 21. Nxd7 Nxd7 22. Nf4 Bf7 23. h4 e5 24. Bh3 Rd8 25. Nd5 Bxd5 26. Rxd5 Nb8 27. Be6 Nc6 28. Rxd8+ Nxd8 29. Bd5 Nf7 30. Bxf7+ Kxf7 31. Kg2 Ke6 32. Kf3 h6 33. Ke4 Kd6 34. Bd2 Ke6 35. f3 Kd6 36. Bc3 1-0

[Event "EU-chT Seniors 65"]
[Site "Walbrzych"]
[Date "2018.04.17"]
[Round "4.1"]
[White "Koskinen, Veikko"]
[Black "Kolbak, Jens"]
[Result "0-1"]
[WhiteElo "2012"]
[BlackElo "2213"]
[PlyCount "110"]
[EventDate "2018.04.14"]
[EventType "team-swiss"]
[EventRounds "9"]
[EventCountry "POL"]
[SourceTitle "CBM 184 Extra"]
[Source "ChessBase"]
[SourceDate "2018.06.28"]
[SourceVersion "1"]
[SourceVersionDate "2018.06.28"]
[SourceQuality "1"]
[WhiteTeam "Finland 65 II"]
[BlackTeam "Denmark SK 2012 65"]
[WhiteTeamCountry "FIN"]
[BlackTeamCountry "DEN"]

1. e4 e5 2. Nf3 Nc6 3. Nc3 Nf6 4. Bb5 Bb4 5. 0-0 0-0 6. Re1 d6 7. h3 Nd4 8. Bf1 c6 9. Nb1 Ba5 10. c3 Ne6 11. d3 b5 12. g3 Re8 13. Bg2 c5 14. Rf1 Bb7 15. Nbd2 Qc7 16. Qe2 Bb6 17. b3 a5 18. a4 b4 19. c4 g6 20. Qd1 Qe7 21. Nh2 Bd8 22. Ng4 Nxg4 23. Qxg4 Nd4 24. Qd1 Ra7 25. Nf3 Ne6 26. Nh2 h5 27. Be3 Qf8 28. Qd2 Qg7 29. Rab1 Bc8 30. Nf3 g5 31. Ne1 Bf6 32. Qd1 g4 33. h4 Nd4 34. Kh2 Qg6 35. Bxd4 exd4 36. f4 gxf3 37. Bxf3 Be5 38. Rg1 Bg4 39. Qd2 f6 40. Bh1 Rg7 41. Qf2 Kh8 42. Ng2 Reg8 43. Nf4 Qh6 44. Rbf1 Bd7 45. Qf3 Rg4 46. Qf2 Bxf4 47. gxf4 Rxg1 48. Rxg1 Rxg1 49. Kxg1 Qg6+ 50. Kf1 Qg4 51. Ke1 Qh3 52. Bf3 Bg4 53. Ke2 Bxf3+ 54. Qxf3 Qxh4 55. e5 dxe5 0-1

[Event "Tampere We TammerSh B"]
[Site "Tampere"]
[Date "2018.03.31"]
[Round "2"]
[White "Koskinen, Veikko"]
[Black "Kivimaki, Kasper"]
[Result "1/2-1/2"]
[WhiteElo "2012"]
[BlackElo "1763"]
[PlyCount "25"]
[EventDate "2018.03.31"]
[EventType "swiss"]
[EventRounds "4"]
[EventCountry "FIN"]
[SourceTitle "EXT 2022"]
[Source "ChessBase"]
[SourceDate "2021.10.06"]
[SourceVersion "1"]
[SourceVersionDate "2021.10.06"]
[SourceQuality "1"]

1. e4 c6 2. d4 d5 3. f3 dxe4 4. fxe4 e5 5. Nf3 Bg4 6. c3 Nd7 7. Be3 Ngf6 8. Nbd2 Be7 9. Bc4 b5 10. Be2 Qc7 11. 0-0 0-0 12. Qe1 Rfe8 13. Bd3 1/2-1/2

[Event "Tampere We TammerSh B"]
[Site "Tampere"]
[Date "2018.03.31"]
[Round "3"]
[White "Niemi, Jani Petteri"]
[Black "Koskinen, Veikko"]
[Result "1-0"]
[WhiteElo "1920"]
[BlackElo "2012"]
[PlyCount "57"]
[EventDate "2018.03.31"]
[EventType "swiss"]
[EventRounds "4"]
[EventCountry "FIN"]
[SourceTitle "EXT 2022"]
[Source "ChessBase"]
[SourceDate "2021.10.06"]
[SourceVersion "1"]
[SourceVersionDate "2021.10.06"]
[SourceQuality "1"]

1. e4 c6 2. d4 d5 3. f3 Qb6 4. a4 e6 5. a5 Qc7 6. Nc3 Bb4 7. a6 Nxa6 8. Bxa6 bxa6 9. Nge2 Ne7 10. Bf4 Bd6 11. Bxd6 Qxd6 12. 0-0 0-0 13. e5 Qb4 14. Na4 Nf5 15. c3 Qb5 16. Qd2 a5 17. Nc5 Rd8 18. Ra3 Ba6 19. Re1 Qb6 20. Nxa6 Qxa6 21. b4 Rd7 22. Rxa5 Qb6 23. Rea1 Rb7 24. Nf4 Qc7 25. Nd3 Ne7 26. Nc5 Rb6 27. Qg5 Rb5 28. Ra6 Rb6 29. Rxb6 1-0

[Event "Helsinki We HSK syksy"]
[Site "Helsinki"]
[Date "2017.08.27"]
[Round "5"]
[White "Gronroos, Matti"]
[Black "Koskinen, Veikko"]
[Result "1-0"]
[WhiteElo "1947"]
[BlackElo "1957"]
[PlyCount "75"]
[EventDate "2017.08.25"]
[EventType "swiss"]
[EventRounds "5"]
[EventCountry "FIN"]
[SourceTitle "EXT 2022"]
[Source "ChessBase"]
[SourceDate "2021.10.06"]
[SourceVersion "1"]
[SourceVersionDate "2021.10.06"]
[SourceQuality "1"]

1. e4 c6 2. d4 d5 3. Nc3 dxe4 4. Nxe4 Nd7 5. Bc4 Ngf6 6. Ng5 e6 7. Qe2 Nb6 8. Bd3 h6 9. N5f3 c5 10. dxc5 Bxc5 11. Ne5 Qc7 12. Ngf3 Bb4+ 13. Kf1 0-0 14. Bf4 Bd6 15. Bg3 Nbd7 16. c3 b6 17. Rd1 Nxe5 18. Nxe5 Rd8 19. Nc4 Bxg3 20. hxg3 Bb7 21. Rh4 Rd5 22. Ne3 Rg5 23. Rc4 Rc5 24. Rd4 Kf8 25. Bc2 a5 26. Qd2 Ke7 27. Kg1 Rc8 28. Qe2 Kf8 29. Ba4 Bc6 30. Bxc6 Rxc6 31. Qd3 Ke7 32. Ng4 Nd5 33. Qh7 Rc4 34. Qxg7 Rxd4 35. Rxd4 Rf8 36. Nxh6 Nf6 37. Qg5 e5 38. Nf5+ 1-0

[Event "Helsinki Easter op A"]
[Site "Helsinki"]
[Date "2017.04.16"]
[Round "4.5"]
[White "Koskinen, Veikko"]
[Black "Lahdelma, Henri"]
[Result "0-1"]
[WhiteElo "1967"]
[BlackElo "2022"]
[PlyCount "74"]
[EventDate "2017.04.14"]
[EventType "swiss"]
[EventRounds "5"]
[EventCountry "FIN"]
[SourceTitle "EXT 2022"]
[Source "ChessBase"]
[SourceDate "2021.10.06"]
[SourceVersion "1"]
[SourceVersionDate "2021.10.06"]
[SourceQuality "1"]

1. Nf3 d5 2. g3 Nf6 3. Bg2 c6 4. 0-0 Bg4 5. d3 Nbd7 6. Nbd2 e5 7. h3 Bh5 8. e4 Bd6 9. g4 Bg6 10. Nh4 dxe4 11. Nxg6 hxg6 12. Nc4 Bc7 13. dxe4 Nc5 14. Qe2 b5 15. Nd2 Qe7 16. Re1 Bb6 17. Nf1 Ne6 18. c3 Nh7 19. a4 bxa4 20. Qc4 Rc8 21. Qa6 Rc7 22. Be3 Nc5 23. Qc4 Ng5 24. Bxg5 Qxg5 25. Rad1 Qh4 26. Re3 Ne6 27. Rg3 Nf4 28. Rd2 Qe7 29. Qxa4 Qc5 30. Qd1 0-0 31. Ne3 Rcc8 32. Bf1 Rfd8 33. Bc4 Rxd2 34. Qxd2 Rd8 35. Qc2 Qa5 36. Qc1 Qa4 37. b3 Qxc4 0-1

[Event "Helsinki We Garde Spring A"]
[Site "Helsinki"]
[Date "2017.04.01"]
[Round "3"]
[White "Paajala, Niki"]
[Black "Koskinen, Veikko"]
[Result "0-1"]
[WhiteElo "1945"]
[BlackElo "2000"]
[PlyCount "76"]
[EventDate "2017.03.31"]
[EventType "swiss"]
[EventRounds "5"]
[EventCountry "FIN"]
[SourceTitle "EXT 2022"]
[Source "ChessBase"]
[SourceDate "2021.10.06"]
[SourceVersion "1"]
[SourceVersionDate "2021.10.06"]
[SourceQuality "1"]

1. d4 f5 2. c4 e6 3. Nc3 Nf6 4. g3 d5 5. cxd5 exd5 6. Bg2 c6 7. Nf3 Bd6 8. h4 0-0 9. 0-0 Qe8 10. Qb3 Nbd7 11. Ng5 Kh8 12. Nh3 Ne4 13. Qc2 Ndf6 14. Bf4 Bxf4 15. Nxf4 Nh5 16. e3 Nxf4 17. exf4 Qg6 18. Rae1 b6 19. Re3 Bd7 20. Nb1 Rfe8 21. Rfe1 Qf6 22. Qd3 Nd6 23. Nd2 Ne4 24. Nf3 Kg8 25. Ne5 Qd6 26. Bh3 Rac8 27. Rd1 Be6 28. Kg2 Qb4 29. Qa3 c5 30. Qxa7 Qxb2 31. Rxe4 dxe4 32. Bxf5 Bd5 33. Bxc8 e3+ 34. Kh3 Qxf2 35. dxc5 Qg2+ 36. Kg4 Qe2+ 37. Kg5 Qxd1 38. Be6+ Bxe6 0-1